[Event "I Festival Magistrale"]
[Site "Valenza ITA"]
[Date "1974.06.??"]
[Round "?"]
[White "Mikhalchishin, Adrian B."]
[Black "Vaganian, Rafael A."]
[WhiteElo "2425"]
[BlackElo "2540"]
[Result "0-1"]
[PlyCount "30"]
[EventDate "1974.06.15"]

1. d4 Nf6 2. c4 g6 3. Nc3 d5 4. Bf4 Bg7 5. e3 O-O 6. Rc1 c5 7. dxc5 Qa5 8. Nf3
Rd8 9. Qa4 Qxc5 10. b4 Qc6 11. Qb3 Ne4 12. Nb5 Na6 13. Bd3 Nac5 14. bxc5 Nxc5
15. Qa3 Bb2 0-1

[Event "I Festival Magistrale"]
[Site "Valenza ITA"]
[Date "1974.06.??"]
[Round "?"]
[White "Vaganian, Rafael A."]
[Black "Capece, Adolivio"]
[WhiteElo "2540"]
[BlackElo "2210"]
[Result "1/2-1/2"]
[PlyCount "110"]
[EventDate "1974.06.15"]

1. d4 Nf6 2. c4 c5 3. d5 b5 4. cxb5 e6 5. Nc3 exd5 6. Nxd5 Bb7 7. e4 a6 8. bxa6
Nxa6 9. Bc4 Nb4 10. Nf3 Nfxd5 11. exd5 Qe7+ 12. Be3 Qe4 13. Qb3 Bxd5 14. Bxd5
Qxd5 15. O-O Be7 16. Qc3 O-O 17. a3 Nc6 18. Rfd1 Qf5 19. Rac1 Bf6 20. Qc2 Qxc2
21. Rxc2 Rfb8 22. Rdd2 Rxa3 23. g4 Rab3 24. Rxd7 Ne5 25. Nxe5 Bxe5 26. Rxc5
Bxb2 27. Rcc7 f5 28. Ba7 Re8 29. Bd4 Bxd4 30. Rxd4 fxg4 31. Rdd7 Rh3 32. Rxg7+
Kh8 33. Kg2 Rg8 34. Rgf7 Rh6 35. Rf4 Rh3 36. Rcc4 Rh4 37. Kh1 h5 38. Rf6 Kg7
39. Rcc6 Rc8 40. Rg6+ Kh7 41. Rh6+ Kg7 42. Rcg6+ Kf7 43. Rg5 Rc2 44. Kg2 Rh3
45. Rf5+ Kg7 46. Rhxh5 Rxh5 47. Rxh5 Kg6 48. Re5 Kf6 49. Re3 Kf5 50. Ra3 Rc1
51. Ra5+ Kf4 52. Ra4+ Kf5 53. h3 gxh3+ 54. Kxh3 Rg1 55. f3 Rg8 1/2-1/2